| 000 | 00918cam a2200241 a 4500 | ||
|---|---|---|---|
| 001 | 000015303 | ||
| 005 | 20200929164016.0 | ||
| 008 | 980127s1989 ck f000 0 spa d | ||
| 035 | _a(DLC) 98107851 | ||
| 040 |
_aDO-SdBNP _bspa _cBNPHU _dDLC |
||
| 082 |
_a340.09861 _bR426h |
||
| 110 | 1 |
_aRepública de Colombia _934605 |
|
| 245 | 1 | 0 |
_aHistoria de las leyes / _cSenado de la República. |
| 260 |
_aColombia : _bSenado de la República, _c1989. |
||
| 300 |
_av. ; _c24 cm. |
||
| 505 | 0 |
_gv. 1-2. _tLegislatura 1991 -- _gv. 3. _tLegislatura 1991-1992 -- _gv.4. _tLegislatura 1992 -- _gv. 5-6. _tLegislatura 1992 -- _gv. 7. _tLegislaturas 1992-1993 -- _gv. 8. _tLegislaturas 1993. |
|
| 500 | _aLa biblioteca posee los volúmenes: 1, 3, 4, y 5. | ||
| 650 | 4 |
_aDerecho _zColombia _xLegislación _934606 |
|
| 650 | 4 |
_aLegislación _zColombia _xHistoria _934607 |
|
| 910 | _aCatalogación derivada | ||
| 910 | _aWM | ||
| 049 | _aBNGR | ||
| 999 |
_c14869 _d14869 |
||